Los campus universitarios : historia, cultura y conflicto social /

Detalles Bibliográficos
Autores principales: Páramo, Pablo (Autor), Sierra Barón, Willian (Autor)
Formato: Electrónico eBook
Lenguaje:español
Publicado: Bogotá, Colombia : Editorial Aula de Humanidades, 2025.
Edición:Primera edición.
Colección:Colección General (Editorial Aula de Humanidades)
Materias:
Acceso en línea:Digitalia Hispánica

MARC

LEADER 00000nam a2200000Ii 4500
001 DIGAUHUM0114
003 NyNyDIG
006 m o d
007 cr |||||||||||
008 260205s2025 ck ob 001 0 spa d
035 |a (OCoLC)1573182171 
040 |a DGITA  |b eng  |e rda  |e pn  |c DGITA 
020 |a 9786287777972  |q (versión digital) 
020 |z 9786287777965  |q (versión impresa) 
043 |a s-ck--- 
050 1 4 |a LA174 ebook 
100 1 |a Páramo, Pablo,  |e author. 
245 1 4 |a Los campus universitarios :  |b historia, cultura y conflicto social /  |c Pablo Páramo, Willian Sierra-Barón. 
250 |a Primera edición. 
264 1 |a Bogotá, Colombia :  |b Editorial Aula de Humanidades,  |c 2025. 
300 |a 1 online resource. 
336 |a text  |b txt  |2 rdacontent 
337 |a computer  |b c  |2 rdamedia 
338 |a online resource  |b cr  |2 rdacarrier 
347 |a text file  |2 rdaft 
347 |b PDF 
490 1 |a Colección: General 
504 |a Includes bibliographical references and indexes. 
588 0 |a Online resource; title from PDF title page (Digitalia, viewed February 5, 2026) 
650 0 |a Universities and colleges  |z Europe  |x History. 
650 0 |a Universities and colleges  |z Latin America  |x History. 
650 0 |a Education, Higher  |x Social aspects. 
700 1 |a Sierra Barón, Willian,  |e author. 
791 2 |a Digitalia (Firm),  |e distributor. 
793 0 |g Digitalia eBook Collection:  |a Editorial Aula de Humanidades 
776 0 8 |i Print version:  |a Páramo, Pablo.  |t Campus universitarios.  |b Primera edición.  |d Bogotá, Colombia : Editorial Aula de Humanidades, 2025  |z 9786287777965 
830 0 |a Colección General (Editorial Aula de Humanidades) 
856 4 0 |3 Digitalia Hispánica  |u https://www.digitaliapublishing.com/a/183714/ 
910 |a Premium collection: 2026